Normal view
MARC view
Entry Topical Term
001 - CONTROL NUMBER
- control field: 241271
003 - CONTROL NUMBER IDENTIFIER
- control field: OSt
005 - DATE AND TIME OF LATEST TRANSACTION
- control field: 20251003113404.0
008 - FIXED-LENGTH DATA ELEMENTS
- fixed length control field: 251003|| aca||aabn | a|a d
040 ## - CATALOGING SOURCE
- Original cataloging agency: OSt
- Transcribing agency: OSt
150 ## - HEADING--TOPICAL TERM
- Topical term or geographic name entry element: Careand feeding of hadoop in the cloud
670 ## - SOURCE DATA FOUND
- Source citation: Work cat.: (OSt)195945: Havanki, Bill. 241268, Moving hadoop to the cloud : , 2017.